000
00307nam a22001337a 4500
008
181001b xxu||||| |||| 00| 0 eng d
020
_a
9780877791690
041
_a
eng
080
_a
370
100
_a
48
101
_a
EDU
245
_a
Merriam Webster Collegiate Thesaurus
_c
James.M
942
_2
udc
_c
BK
999
_c
48709
_d
48709